|
|
|
|
| LEADER |
00000naa2a2200000 4500 |
| 001 |
400295 |
| 005 |
20231101065354.0 |
| 035 |
|
|
|a (RuTPU)RU\TPU\prd\42487
|
| 035 |
|
|
|a RU\TPU\prd\42485
|
| 090 |
|
|
|a 400295
|
| 100 |
|
|
|a 20060406a2004 k y0rusy50 ca
|
| 101 |
0 |
|
|a rus
|
| 102 |
|
|
|a RU
|
| 200 |
1 |
|
|a Диссертационные исследования по библиотековедению и библиографоведению (2000-2002 годы)
|f сост. И. А. Чупреева
|
| 225 |
1 |
|
|a Информационные ресурсы
|
| 461 |
|
0 |
|0 (RuTPU)RU\TPU\prd\7961
|t Библиотечное дело - XXI век
|o приложение к журналу "Библиотековедение"
|o научно-практический сборник
|d 2002-
|
| 463 |
|
0 |
|0 (RuTPU)RU\TPU\prd\30179
|t № 1
|v С. 269-275
|d 2004
|
| 610 |
1 |
|
|a указатель литературы
|
| 610 |
1 |
|
|a литература
|
| 610 |
1 |
|
|a диссертационные исследования
|
| 610 |
1 |
|
|a библиотековедение
|
| 610 |
1 |
|
|a библиографоведение
|
| 702 |
|
1 |
|a Чупреева
|b И. А.
|4 220
|
| 801 |
|
1 |
|a RU
|b 63413507
|c 20050414
|g PSBO
|
| 801 |
|
2 |
|a RU
|b 63413507
|c 20060406
|g PSBO
|
| 942 |
|
|
|c BK
|